<?xml version="1.0" encoding="UTF-8"?>
<record
    xmlns:xsi="http://www.w3.org/2001/XMLSchema-instance"
    xsi:schemaLocation="http://www.loc.gov/MARC21/slim http://www.loc.gov/standards/marcxml/schema/MARC21slim.xsd"
    xmlns="http://www.loc.gov/MARC21/slim">

  <leader>00697cam a2200193ua 4500</leader>
  <controlfield tag="001">23829</controlfield>
  <controlfield tag="008">190615n        II  |||gr||||Z||||||asm</controlfield>
  <datafield tag="082" ind1=" " ind2=" ">
    <subfield code="a">891.458</subfield>
  </datafield>
  <datafield tag="100" ind1=" " ind2=" ">
    <subfield code="a">SARMAH, DR. JUGENDRA NATH ,</subfield>
    <subfield code="e">AUTHOR.</subfield>
  </datafield>
  <datafield tag="245" ind1=" " ind2=" ">
    <subfield code="a">ASOMOR NAD- NADI</subfield>
    <subfield code="h">Textual Documents</subfield>
  </datafield>
  <datafield tag="260" ind1=" " ind2=" ">
    <subfield code="a">JORHAT:</subfield>
    <subfield code="b">ASOM SAHITYA SABHA,</subfield>
    <subfield code="c">2008.</subfield>
  </datafield>
  <datafield tag="300" ind1=" " ind2=" ">
    <subfield code="a">272:</subfield>
    <subfield code="c">21+</subfield>
    <subfield code="e">PB.</subfield>
  </datafield>
  <datafield tag="653" ind1=" " ind2=" ">
    <subfield code="a">Prabandha</subfield>
  </datafield>
  <datafield tag="999" ind1=" " ind2=" ">
    <subfield code="c">27077</subfield>
    <subfield code="d">27077</subfield>
  </datafield>
</record>
